Statistics for Random Cities Beginning With "U, V and W" On a Map

Click here to take the quiz!

General Stats

  • This quiz has been taken 108 times
  • The average score is 7 of 10

Answers on the Map

Answers color-coded by a green-red scale on the quiz's map according to % correct below.
 

Answer Stats

City% Correct
Venice
100%
Winnipeg
100%
Wroclaw
100%
Wuhan
100%
Ulan Bator
67%
Victoria
50%
Vientiane
50%
Wellington
50%
Ufa
0%
Urumqi
0%
Utrecht
0%
Valencia
0%
Valparaiso
0%
Vancouver
0%
Vasaa
0%
Veracruz
0%
Verona
0%
Vienna
0%
Vigo
0%
Vilnius
0%
Virginia Beach
0%
Visakhapatnam
0%
Vladivostok
0%
Vlore
0%
Washington DC
0%
Wichita
0%
Willemstad
0%
Windhoek
0%

Score Distribution

Percentile by Number Answered

Percent of People with Each Score

Your Score History

You have not taken this quiz